Les musées des préfectures de France - Statistiques

Statistiques générales
  • Ce quiz a été pris 25 fois
  • Le résultat moyen est 38 sur 99
Statistiques - réponses
Hint Réponse % Correct
Musée de la terre ardéchoise Ardèche
82%
Musée d'Aquitaine Gironde
82%
Musée régional d'histoire et d'ethnographie de Martinique Martinique
82%
Musée départemental de l'Oise Oise
82%
Musée d'Orsay Paris
82%
Musée des 24 heures Sarthe
82%
Musée alsacien Bas-Rhin
76%
Musée d'Art moderne de Belfort Belfort
76%
Musée des Beaux arts de Caen Calvados
76%
Musée d'Art et d'Histoire de Saint-Brieuc Côtes-d'Armor
76%
Musée d'art et d'archéologie de Valence Drôme
76%
Musée dauphinois Isère
76%
Musée des Confluences Rhône
76%
Musée des Beaux-arts de Chambéry Savoie
76%
Musée d'Art et d'Archéologie de Laon Aisne
71%
Musée des Beaux arts de Carcassonne Aude
71%
Musée des Civilisations de l'Europe et de la Méditerranée Bouches-du-Rhône
71%
Musée de Gap Hautes-Alpes
71%
Musée des Beaux arts d'Orléans Loiret
71%
Musée Lorrain Meurthe-et-Moselle
71%
Musée de la Faïence et des Beaux-Arts de Nevers Nièvre
71%
Musée de Picardie Somme
71%
Musée de La Roche-sur-Yon Vendée
71%
Musée d'Evreux Eure
65%
Musée des Beaux arts de Chartres Eure-et-Loir
65%
Musée d'histoire d'Annecy Haute-Savoie
65%
Musée Unterlinden Haut-Rhin
65%
Musée de Bretagne Ille-et-Vilaine
65%
Musée des Beaux-Arts de Lons-le-Saunier Jura
65%
Musée du Gévaudan Lozère
65%
Centre Pompidou-Metz Moselle
65%
Musée des beaux-arts d'Arras Pas-de-Calais
65%
Musée des beaux-arts d'Agen Lot-et-Garonne
59%
Musée Barrois Meuse
59%
Musée Toulouse-Lautrec Tarn
59%
Musée de l'Image Vosges
59%
Musée de Brou Ain
53%
Musée Ingres-Bourdelle Tarn-et-Garonne
53%
Musée Massena Alpes-Maritimes
47%
Musée Arthur Rimbaud Ardennes
47%
Musée Soulages Aveyron
47%
Musée des Verts Loire
47%
Musée Anne de Beaujeu Allier
41%
Musée du Temps Doubs
41%
Maison de la Magie Loir-et-Cher
41%
Musée Alexandra David-Néel Alpes-de-Haute-Provence
35%
Musée départemental breton Finistère
35%
Musée d'Histoire de France Yvelines
35%
Muséum des volcans Cantal
29%
Musée de la Romanité Gard
29%
Musée de la Maison Bonaparte Haute-Corse
29%
Musée Fabre Hérault
29%
Musée d'Art Roger Quilliot Puy-de-Dôme
29%
Musée Bernadotte Pyrénées-Atlantiques
29%
Musée de l'ancienne gare de déportation Seine-Saint-Denis
29%
Musée Rude Côte-d'Or
24%
Musée Crozatier Haute-Loire
24%
Musée Adrien Dubouché Haute-Vienne
24%
Musée des beaux-arts et de la dentelle Orne
24%
Musée de Bastia Corse-du-Sud
18%
Musée Saint-Raymond Haute-Garonne
18%
La Contemporaine Hauts-de-Seine
18%
Musée du Compagnonnage Indre-et-Loire
18%
Musée Dobrée Loire-Atlantique
18%
Musée du bocage normand Manche
18%
Hospice Comtesse Nord
18%
Musée de la Gendarmerie nationale Seine-et-Marne
18%
Musée de la Marine Var
18%
Musée Calvet Vaucluse
18%
Musée de Vauluisant Aube
12%
Musée du papier Charente
12%
Musée Bernard d'Agesci Deux-Sèvres
12%
Musée Vesunna Dordogne
12%
Musée de la Crèche Haute-Marne
12%
Musée Massey Hautes-Pyrénées
12%
Musée Henri Martin Lot
12%
Musée du Vieux-Château ou d'Art Naïf Mayenne
12%
Musée des Beaux-arts La Cohue Morbihan
12%
Musée de l'Education Seine-Maritime
12%
Musée du Nouveau Monde Charente-Maritime
6%
Musée Maurice Estève Cher
6%
Musée du cloître Corrèze
6%
Musée de la Sénatorerie Creuse
6%
Musée Paul Delouvrier Essonne
6%
Musée Gerty-Archimède Guadeloupe
6%
Musée Alexandre Franconie Guyane
6%
Musée Georges Garret Haute-Saône
6%
Musée Bertrand Indre
6%
Musée Despiau-Wlérick Landes
6%
Musée des poupées Bella Pyrénées-Orientales
6%
Musée Léon Dierx Réunion
6%
Musée Tavet-Delacour Val d'Oise
6%
Musée Saint-Germain Yonne
6%
Musée de la Chasse Ariège
0%
Musée des Amériques Gers
0%
Musée du Génie Militaire Maine-et-Loire
0%
Musée Garinet Marne
0%
Musée du Souvenir français Saône-et-Loire
0%
Musée Condé Vienne
0%
Aucun quiz correspondant
Distribution des résultats
% des personnes avec chaque résultat
Percentile par nombre de réponses
Votre historique - résultats
Vous n’avez pas pris ce quiz